| 000 | 00633nam a2200181Ia 4500 | ||
|---|---|---|---|
| 003 | OSt | ||
| 005 | 20250204102034.0 | ||
| 008 | 210210b1999 xxu||||| |||| 00| 0 eng d | ||
| 040 | _cal | ||
| 082 | _aK894.4 SHRO | ||
| 100 |
_aSHRINIVASA HAVANURA _dಶ್ರೀನಿವಾಸ ಹವನೂರ _9197391 |
||
| 245 |
_aOndishtu laghu ondashtu gambhira: prabandhagala sankalana _bಒಂದಿಷ್ಟು ಲಘು ಒಂದಷ್ಟು ಗಂಭೀರ: ಪ್ರಬಂಧ ಸಂಕಲನ |
||
| 260 |
_aPutturu _bKarnataka Sangha _c1999 |
||
| 300 | _aiv,178 | ||
| 690 |
_aKannada Prose _9197398 |
||
| 906 | _aSG03481 | ||
| 942 |
_2ddc _cBK |
||
| 999 |
_c114213 _d114213 |
||